000 00623nam a2200229Ia 4500
003 GCL
008 140319s9999 xx 000 0 ara d
040 _aGCL /
_cGCL
082 0 4 _aط
_b369.43
_bم س
100 1 _aمكتبة لبنان
245 1 0 _aالزهرات /
_cمكتبة لبنان
260 _a[S.N] :
_bمكتبة لبنان
300 _aمتعددة
490 _aالسلسلة الكشفية
_v0
650 0 4 _aالاطفال
650 0 4 _aالكشافة
650 0 4 _aالمرشدات
650 0 4 _aالجوالة
650 0 4 _aالاولاد
650 0 4 _aالمعسكرات
942 _2ddc
_cBK
999 _c33127
_d33127